000 00413 a2200145 4500
005 20250522082908.0
020 _a0-395-04695-5
082 _a658.54 JOH
100 _aJOHNSON, R. A.
245 _aOperations Management : A Systems Concept.
260 _aNew York,
_bHoughton Mifflin,
_c1972.
300 _aiv,546p.: ill.; figure, table
_bIndex
_c24cm.
700 _aNEWELL, W. T. & VERGIN, R . C.
942 _2ddc
_cBKS
999 _c2499
_d2499